| 000 | 01412nam a2200337 a 4500 | ||
|---|---|---|---|
| 001 | ebr10554346 | ||
| 003 | CaPaEBR | ||
| 006 | m u | ||
| 007 | cr cn||||||||| | ||
| 008 | 120502s2012 enka s 001 0deng d | ||
| 020 | _z9781848859906 | ||
| 020 | _z9780857721075 (e-book) | ||
| 040 |
_aCaPaEBR _cCaPaEBR |
||
| 035 | _a(OCoLC)781628793 | ||
| 043 | _ae-uk--- | ||
| 050 | 1 | 4 |
_aD810.S8 _bT74 2012eb |
| 100 | 1 |
_aTrevor-Roper, H. R. _q(Hugh Redwald), _d1914-2003. |
|
| 245 | 1 | 0 |
_aHugh Trevor-Roper _h[electronic resource] : _bthe wartime journals / _cedited by Richard Davenport-Hines. |
| 260 |
_aLondon : _bI.B. Tauris, _c2012. |
||
| 300 |
_axii, 322 p. : _bill. |
||
| 500 | _aIncludes index. | ||
| 533 |
_aElectronic reproduction. _bPalo Alto, Calif. : _cebrary, _d2011. _nAvailable via World Wide Web. _nAccess may be limited to ebrary affiliated libraries. |
||
| 600 | 1 | 0 |
_aTrevor-Roper, H. R. _q(Hugh Redwald), _d1914-2003, _cDiaries. |
| 610 | 1 | 0 |
_aGreat Britain. _bMI6 _xHistory. |
| 650 | 0 |
_aWorld War, 1939-1945 _xSecret service _zGreat Britain. |
|
| 650 | 0 |
_aWorld War, 1939-1945 _vPersonal narratives, British. |
|
| 655 | 7 |
_aElectronic books. _2local |
|
| 700 | 1 |
_aDavenport-Hines, R. P. T. _q(Richard Peter Treadwell), _d1953- |
|
| 710 | 2 | _aebrary, Inc. | |
| 856 | 4 | 0 |
_uhttp://site.ebrary.com/lib/rucke/Doc?id=10554346 _zAn electronic book accessible through the World Wide Web; click to view |
| 999 |
_c197712 _d197712 |
||